Normal view
MARC view
- Abdul Rashid bin Ngah
Entry Personal Name
001 - CONTROL NUMBER
- control field: 7678
003 - CONTROL NUMBER IDENTIFIER
- control field: OSt
005 - DATE AND TIME OF LATEST TRANSACTION
- control field: 20170524120953.0
008 - FIXED-LENGTH DATA ELEMENTS
- fixed length control field: 170524|| aca||aabn | a|a d
040 ## - CATALOGING SOURCE
- Original cataloging agency: OSt
- Transcribing agency: OSt
100 ## - HEADING--PERSONAL NAME
- Personal name: Abdul Rashid bin Ngah
670 ## - SOURCE DATA FOUND
- Source citation: Work cat.: (OSt)0: Abdul Rashid bin Ngah, Di-bawah alunan ombak /, 1961

PORTAL AKMAL
E-MEL JKDM
AKMAL2U
G-BAM
u-PUSTAKA